Ceramica mexicana y loza de talavera de Puebla epoca colonial y moderna (Record no. 8307)

MARC details
000 -CABECERA
campo de control de longitud fija 01632nam a2200337 a 4500
001 - NÚMERO DE CONTROL
campo de control BRCA_8648
005 - FECHA Y HORA DE LA ÚLTIMA TRANSACCIÓN
campo de control 20190320210345.0
008 - DATOS DE LONGITUD FIJA--INFORMACIÓN GENERAL
campo de control de longitud fija 041016s1910----mx-a######---#000-0#spa-#
040 ## - FUENTE DE LA CATALOGACIÓN
Centro catalogador/agencia de origen spa
041 ## - CÓDIGO DE LENGUA
Código de lengua del texto/banda sonora o título independiente mx
050 #4 - SIGNATURA TOPOGRÁFICA DE LA BIBLIOTECA DEL CONGRESO
Número de clasificación NK4031
Número de documento/Ítem .P46
-- 1910
100 1# - ENTRADA PRINCIPAL--NOMBRE DE PERSONA
Nombre de persona Peñafiel, Antonio
9 (RLIN) 10237
245 10 - MENCIÓN DE TÍTULO
Título Ceramica mexicana y loza de talavera de Puebla epoca colonial y moderna
Mención de responsabilidad, etc. Por el Dr. Antonio Peñafiel.
260 ## - PUBLICACIÓN, DISTRIBUCIÓN, ETC.
Lugar de publicación, distribución, etc. México
Nombre del editor, distribuidor, etc. Imprenta y Fototipia de la Secretaría de Fomento
Fecha de publicación, distribución, etc. 1910
300 ## - DESCRIPCIÓN FÍSICA
Extensión 44 p.
Otras características físicas láminas
Dimensiones 36 cm
500 ## - NOTA GENERAL
Nota general Fondo antiguo
500 ## - NOTA GENERAL
Nota general Se encuentra en Caja Fuerte
500 ## - NOTA GENERAL
Nota general A-121
500 ## - NOTA GENERAL
Nota general Con Ex-libris de: Franz Mayer
500 ## - NOTA GENERAL
Nota general Incluye una nota de la tapa interior del libro: En las bodegas de esta secretaría existía la edición, aún no terminada de la obra títulada ´ceramica mexicana y loza de talavera de puebla´ escrita por el Sr. Dr. Antonio Peñafiel..´
500 ## - NOTA GENERAL
Nota general En portada: se imprime por acuerdo del señor general Don Porfirio Díaz, presidente de la República. Siendo secretario de fomento el señor licenciado Don Olegario Molina
500 ## - NOTA GENERAL
Nota general Uso de letras capitulares
500 ## - NOTA GENERAL
Nota general Se localizan marcas de agua en las hojas del documento: ´José Vilaseca´
500 ## - NOTA GENERAL
Nota general Contiene 61 láminas de la cerámica mexicana y loza de talavera de Puebla
500 ## - NOTA GENERAL
Nota general Nota de encuadernación: Rústica
506 0# - NOTA DE RESTRICCIONES AL ACCESO
Limitaciones de acceso Fondo reservado: para su consulta es necesario credencial de usuario y carta de motivos
650 14 - PUNTO DE ACCESO ADICIONAL DE MATERIA--TÉRMINO DE MATERIA
Término de materia o nombre geográfico como elemento de entrada Cerámica
Subdivisión geográfica México
9 (RLIN) 4783
650 14 - PUNTO DE ACCESO ADICIONAL DE MATERIA--TÉRMINO DE MATERIA
Término de materia o nombre geográfico como elemento de entrada Decoración, ornamento, arquitectonico
Subdivisión geográfica México
9 (RLIN) 21579
902 ## - CATALOGADOR
Iniciales LAR
942 ## - ELEMENTOS DE PUNTO DE ACCESO ADICIONAL (KOHA)
Fuente del sistema de clasificación o colocación Library of Congress Classification
Tipo de ítem Koha Libros
Holdings
Estado de retiro Estado de pérdida Estado dañado No para préstamo Localización permanente Ubicación/localización actual Fecha de adquisición Número de inventario Total de préstamos Signatura topográfica completa Código de barras Fecha visto por última vez Precio válido a partir de Tipo de ítem Koha
El ejemplar forma parte de la colección y puede ser consultado según las políticas vigentes.       Biblioteca del Museo Franz Mayer (Rogerio Casas-Alatriste) Biblioteca del Museo Franz Mayer (Rogerio Casas-Alatriste) 04/10/2016 A-121   NK4031 .P46 1910 (A-121) LAR00150 22/03/2019 22/03/2019 Libros